000 00411nam a22001697a 4500
003 MPLRDC
005 20220104143252.0
008 210129b ||||| |||| 00| 0 eng d
082 _a610.11 SMQ c.2
100 _a司马迁原著; 张友鸾等选注
245 _a史记选注
_c
250 _a初版
260 _a
_b香港中流出版社
_c1957
300 _b
650 _a
942 _cBK
_o610.11 SMQ c.2
999 _c38242
_d38232